PARISANKHYA BIGYAN ARU SAIKHIK PARIMAPON (Record no. 10386)
[ view plain ]
| 000 -LEADER | |
|---|---|
| fixed length control field | 00430cam a2200169ua 4500 |
| 008 - FIXED-LENGTH DATA ELEMENTS--GENERAL INFORMATION | |
| fixed length control field | 141114n2001 II |||gr||||Z||||||asm |
| 040 ## - CATALOGING SOURCE | |
| Original cataloging agency | MAIN |
| 041 ## - LANGUAGE CODE | |
| -- | English |
| 082 ## - DEWEY DECIMAL CLASSIFICATION NUMBER | |
| Classification number | 370.287 SHA |
| 100 ## - MAIN ENTRY--PERSONAL NAME | |
| Personal name | SHARMA, MUKUL KUMAR. |
| 245 ## - TITLE STATEMENT | |
| Title | PARISANKHYA BIGYAN ARU SAIKHIK PARIMAPON |
| 260 ## - PUBLICATION, DISTRIBUTION, ETC. | |
| Place of publication, distribution, etc. | DIBRUGARH |
| Name of publisher, distributor, etc. | STUDENT EMPORIUM |
| Date of publication, distribution, etc. | 2001 |
| 300 ## - PHYSICAL DESCRIPTION | |
| Extent | 452.: |
| Dimensions | 21CM. |
| 942 ## - ADDED ENTRY ELEMENTS (KOHA) | |
| Koha item type | Books |
| 653 ## - INDEX TERM--UNCONTROLLED | |
| Uncontrolled term | Measurement of Education |
| Withdrawn status | Lost status | Damaged status | Not for loan | Collection code | Home library | Current library | Shelving location | Date acquired | Full call number | Barcode | Date last seen | Copy number | Price effective from | Koha item type | Public note |
|---|---|---|---|---|---|---|---|---|---|---|---|---|---|---|---|
| Damaged | TBECO | Central Library and Information Centre Sibsagar Girls College | Central Library and Information Centre Sibsagar Girls College | ECONOMICS BOOK RACK | 24.04.2002 | 370.287 SHA | 17104 | 27.02.2020 | 1 | 27.02.2020 | Books | V | |||
| TBEDU | Central Library and Information Centre Sibsagar Girls College | Central Library and Information Centre Sibsagar Girls College | Education Reck | 24.04.2002 | 370.287 SHA | 17105 | 27.02.2020 | 2 | 27.02.2020 | Books | |||||
| TBECO | Central Library and Information Centre Sibsagar Girls College | Central Library and Information Centre Sibsagar Girls College | ECONOMICS BOOK RACK | 24.04.2002 | 370.287 SHA | 17106 | 27.02.2020 | 3 | 27.02.2020 | Books | V |